| 000 | 00767cam a22002657a 4500 | ||
|---|---|---|---|
| 003 | CHAP | ||
| 005 | 20221025140249.0 | ||
| 008 | 971013s r 00010 d | ||
| 010 | _a40830 | ||
| 011 | _a41802 | ||
| 035 | _a45928 | ||
| 040 | _cCHAP | ||
| 100 | 0 | 0 |
_aFlores Valdez, Claudio Armando. _941768 |
| 245 | 1 | 4 |
_aLos minerales en la alimentación del ganado / _cpor Claudio Armando Flores Valdez |
| 260 |
_a(s.l.) : _b(s.e.), _c(s.a.) |
||
| 300 | _a7 p. | ||
| 590 |
_aBATCH-UPD _b10 _c20130110 |
||
| 590 |
_aBATCH-UPD _b10 _c20130410 |
||
| 590 |
_aBATCH-UPD _b10 _c20130914 |
||
| 590 |
_aCONVERSION _b10 _c20130109 |
||
| 650 | 1 | 4 |
_aMinerales en nutrición animal. _975937 |
| 901 | _aBK | ||
| 942 |
_cTESIS _2ddc |
||
| 949 |
_bBC _cTES _d-104751 _eTS1 _i45928 _si |
||
| 999 |
_c40830 _d40830 |
||